Vegyes
Elmentve itt :
| Szerző: | |
|---|---|
| Dokumentumtípus: | Cikk |
| Megjelent: |
1926
|
| Sorozat: | Magyar pedagógia : a Magyar Tudományos Akadémia Pedagógiai Bizottságának folyóirata
35 |
| Kulcsszavak: | Pedagógia 1926 |
| Online Access: | http://misc.bibl.u-szeged.hu/10300 |
| LEADER | 00611nab a2200181 i 4500 | ||
|---|---|---|---|
| 001 | misc10300 | ||
| 005 | 20191106143056.0 | ||
| 008 | 170607s1926 hu o 0|| hun d | ||
| 022 | |a 0025-0260 | ||
| 040 | |a SZTE Miscellanea Repozitórium |b hun | ||
| 041 | |a hun | ||
| 100 | 1 | |a Kemény Ferenc | |
| 245 | 1 | 0 | |a Vegyes |h [elektronikus dokumentum] / |c Kemény Ferenc |
| 260 | |c 1926 | ||
| 300 | |a 190-192 | ||
| 490 | 0 | |a Magyar pedagógia : a Magyar Tudományos Akadémia Pedagógiai Bizottságának folyóirata |v 35 | |
| 695 | |a Pedagógia 1926 | ||
| 856 | 4 | 0 | |u http://misc.bibl.u-szeged.hu/10300/1/mp_1926_190-192.pdf |z Dokumentum-elérés |